000 00802nam0a22002291 4500
001 rc\2756226
005 20260407160916.0
035 _a(NLR Aleph) 006882948
090 _a7066458
_c7066458
100 _a20110915d1940 |||y0rusy50 ca
101 0 _arus
102 _aRU
105 _ay z |||||
200 1 _aКраткая инструкция по лечению сифилиса
_fУзб. н.-и. ин-т дерматологии и венерологии
210 _aТашкент
_cГостехиздат УзССР
_d1940
215 _a16 с.
_d20 см.
712 0 2 _aНИИ дерматологии и венерологии
_cТашкент
_3RU\NLR\AUTH\8810098655
_9698323
801 0 _aRU
_bNLR
_gpsbo
801 1 _aRU
_bELAR
_2rusmarc
852 _aNLR
_j40-10/1752
942 _cBOOK
980 _aNB